00583nam a2200193 i 4500001001100000003000500011005001700016008004100033040002500074082001500099100003400114245005900148264006500207300002200272336002100294337002500315338002300340650002600363C2-0243306PPAK20180727205021.0021020s1988 my |||| ||||| | may d aPPAKbengcPPAKerda04a370.152230 aCik Anisah Che Ngah, eauthor10aAuthoriti institusi pendidikan dalam aspek perundangan 1aSerdang, Selangor : bUniversiti Pertanian Malaysia , c1988 a9 pages ; c30 cm 2rdacontentatext 2rdamediaaunmediated 2rdacarrieravolume10aStudents - Psychology